000 00812nmc a2200277 a 4500
003 AR-BaBNM
005 20251128204139.0
008 147019s1990 ||||||||||||||000 | spa||
020 _a950-07-0621-0
040 _cAR-BaBNM
100 1 _aGarcía Lorca, Federico
245 1 0 _aCaracoles blancos, caracoles negros
260 _aBuenos Aires
_bSudamericana
_c1990
300 _a16 p.
_bil.
490 0 _aLibros del bolsillo
_vv. 6
500 _aLas ilustraciones de Alejandra Taubin fueron realizadas sobre dibujos de Federico García Lorca
650 4 _aPOESIA
650 4 _aLIBROS PARA NINOS
650 4 _aLITERATURA INFANTIL
650 4 _aLITERATURA ESPANOLA
653 _aGENERACION DE 1927
655 _aLITERATURA
700 1 _aTaubin, Alejandra
_eilustrador
942 _cBK
998 _cMARTIN
999 _c6365
_d6365